[Event "Cesme op-A 7th"]
[Site "Cesme"]
[Date "2019.06.27"]
[Round "6"]
[White "Fadeev, Semen"]
[Black "Kamer, Kayra"]
[Result "0-1"]
[WhiteElo "2168"]
[BlackElo "2353"]
[PlyCount "100"]
[EventDate "2019.06.24"]
[EventType "swiss"]
[EventRounds "9"]
[EventCountry "TUR"]
[SourceTitle "CBM 191 Extra"]
[Source "ChessBase"]
[SourceDate "2019.09.30"]
[SourceVersion "1"]
[SourceVersionDate "2019.09.30"]
[SourceQuality "1"]

1. e4 c5 2. Nf3 e6 3. d4 cxd4 4. Nxd4 a6 5. c4 Nf6 6. Nc3 Qc7 7. Bd3 Nc6 8. Nxc6 dxc6 9. f4 e5 10. 0-0 Bc5+ 11. Kh1 Bg4 12. Qc2 0-0-0 13. fxe5 Nd7 14. Bg5 Rde8 15. a3 Nxe5 16. b4 Bd4 17. Rac1 h6 18. Bf4 g5 19. Bg3 h5 20. Be2 Be6 21. Nd5 Qd8 22. Qd2 h4 23. Qxd4 hxg3 24. Qxe5 Rxh2+ 25. Kg1 Rxg2+ 26. Kxg2 Bh3+ 27. Kxh3 Rxe5 28. Nc3 f5 29. Rxf5 Rxf5 30. exf5 Qd2 31. Rf1 g4+ 32. Kxg3 Qxc3+ 33. Kxg4 Qc2 34. Rf2 Qe4+ 35. Kg3 Qe3+ 36. Kg2 Qg5+ 37. Kf1 Qf6 38. c5 Kd8 39. Kg2 Qg5+ 40. Kh3 Qe3+ 41. Kg2 Ke7 42. f6+ Kf8 43. f7 Qxa3 44. Rf4 Qe3 45. Rf2 Qe4+ 46. Kg3 Qxb4 47. Rf5 Qe4 48. Bg4 a5 49. Kh4 a4 50. Rf3 Qxf3 0-1

[Event "Cesme op-A 7th"]
[Site "Cesme"]
[Date "2019.06.25"]
[Round "3.10"]
[White "Bashirli, Nail Qoshqar"]
[Black "Fadeev, Semen"]
[Result "1-0"]
[WhiteElo "2367"]
[BlackElo "2168"]
[PlyCount "89"]
[EventDate "2019.06.24"]
[EventType "swiss"]
[EventRounds "9"]
[EventCountry "TUR"]
[SourceTitle "CBM 191 Extra"]
[Source "ChessBase"]
[SourceDate "2019.09.30"]
[SourceVersion "1"]
[SourceVersionDate "2019.09.30"]
[SourceQuality "1"]

1. e4 e6 2. d4 d5 3. Nd2 dxe4 4. Nxe4 Nd7 5. Nf3 Ngf6 6. Bd3 c5 7. Nxf6+ Nxf6 8. 0-0 cxd4 9. Nxd4 Bc5 10. Nf3 h6 11. Ne5 0-0 12. Qf3 Qd5 13. Qxd5 Nxd5 14. a3 Rd8 15. Rd1 f6 16. Nf3 Bd7 17. c4 Nc7 18. b4 Bf8 19. Be4 Bc6 20. Bc2 Be4 21. Bb3 Bxf3 22. gxf3 Rxd1+ 23. Bxd1 a5 24. b5 e5 25. f4 e4 26. f5 Ne8 27. Bc2 Nd6 28. Bf4 Re8 29. Re1 Kh8 30. c5 Nxf5 31. Rxe4 Rc8 32. c6 bxc6 33. Rc4 Nd6 34. Rxc6 Rxc6 35. bxc6 Nc8 36. Bf5 Nb6 37. c7 Bc5 38. Be3 Bxe3 39. fxe3 Kg8 40. c8B Nxc8 41. Bxc8 Kf7 42. Kf2 g6 43. a4 Ke7 44. Kf3 Kd6 45. Ke4 1-0

[Event "RUS GP rap"]
[Site "Serpukhov"]
[Date "2018.02.23"]
[Round "5"]
[White "Bordovsky, Vladimir"]
[Black "Fadeev, Semen"]
[Result "1-0"]
[WhiteElo "2326"]
[BlackElo "2168"]
[PlyCount "115"]
[EventDate "2018.02.23"]
[EventType "swiss (rapid)"]
[EventRounds "11"]
[EventCountry "RUS"]
[SourceTitle "CBM 183 Extra"]
[Source "ChessBase"]
[SourceDate "2018.04.19"]
[SourceVersion "1"]
[SourceVersionDate "2018.04.19"]
[SourceQuality "1"]

1. Nf3 e6 2. d4 f5 3. d5 Nf6 4. c4 Bc5 5. e3 Qe7 6. a3 a5 7. Nc3 e5 8. Be2 0-0 9. 0-0 d6 10. Rb1 Na6 11. Ne1 Ne4 12. Nxe4 fxe4 13. Bd2 Qh4 14. Qc2 Rf6 15. g3 Qh3 16. f3 exf3 17. Rxf3 Bf5 18. Bd3 Raf8 19. Bxf5 Rxf5 20. Qe4 Bb6 21. b4 axb4 22. axb4 Nb8 23. Rxf5 Rxf5 24. Nf3 Nd7 25. Qh4 Qxh4 26. Nxh4 Rf7 27. Ra1 Nf6 28. Kg2 Ne4 29. Ra8+ Rf8 30. Rxf8+ Kxf8 31. Bc1 Ke7 32. Kf3 Ng5+ 33. Ke2 Kf6 34. Kd3 e4+ 35. Ke2 g6 36. Ba3 Nf7 37. c5 Ba7 38. Ng2 Ke5 39. Nf4 Nd8 40. g4 Kf6 41. h4 Ke7 42. Nh3 c6 43. dxc6 bxc6 44. Ng5 dxc5 45. bxc5 Nb7 46. Nxe4 Ke6 47. Ng5+ Ke5 48. Bb2+ Kd5 49. e4+ Kxc5 50. Nxh7 Kd6 51. Nf8 Nc5 52. Ba3 Ke5 53. Bxc5 Bxc5 54. Nd7+ Kd6 55. Nxc5 Kxc5 56. h5 gxh5 57. gxh5 Kd4 58. h6 1-0

[Event "Abu Dhabi op 24th"]
[Site "Abu Dhabi"]
[Date "2017.08.19"]
[Round "6"]
[White "Fadeev, Semen"]
[Black "Rajdeep, Sarkar"]
[Result "0-1"]
[WhiteElo "2161"]
[BlackElo "2360"]
[PlyCount "108"]
[EventDate "2017.08.14"]
[EventType "swiss"]
[EventRounds "9"]
[EventCountry "UAE"]
[SourceTitle "CBM 180 Extra"]
[Source "ChessBase"]
[SourceDate "2017.10.06"]
[SourceVersion "1"]
[SourceVersionDate "2017.10.06"]
[SourceQuality "1"]

1. d4 e6 2. e4 d5 3. Nd2 c5 4. exd5 Qxd5 5. Ngf3 cxd4 6. Bc4 Qd7 7. 0-0 Nc6 8. Nb3 Nf6 9. Nbxd4 Nxd4 10. Nxd4 a6 11. Be3 Bd6 12. Qe2 0-0 13. Rad1 Qc7 14. h3 b5 15. Bb3 Bb7 16. Bc1 Rfe8 17. c4 bxc4 18. Qxc4 Qxc4 19. Bxc4 Rac8 20. b3 Nd5 21. Ne2 Bb8 22. Bb2 Nb6 23. Bd3 Red8 24. Bb1 Nd5 25. Rd2 Bd6 26. Rc1 Rb8 27. Rdd1 a5 28. Bd3 Nb4 29. Bb1 Bd5 30. Bd4 a4 31. bxa4 Nc6 32. Bc5 Rxb1 33. Rxb1 Bxc5 34. Rbc1 Be7 35. Rxd5 exd5 36. Rxc6 d4 37. Rc1 d3 38. Ng3 Bb4 39. Rd1 d2 40. Nf1 Re8 41. Ne3 f5 42. Kf1 f4 43. Nc2 Ba5 44. f3 Kf7 45. Kf2 Re5 46. g3 fxg3+ 47. Kxg3 Re1 48. Nxe1 dxe1Q+ 49. Rxe1 Bxe1+ 50. Kf4 Kf6 51. Ke4 Kg5 52. Ke5 Kh4 53. Ke6 Kxh3 54. Kf7 Kg3 0-1

[Event "Abu Dhabi op 24th"]
[Site "Abu Dhabi"]
[Date "2017.08.16"]
[Round "3"]
[White "Fadeev, Semen"]
[Black "Arjun, Kalyan"]
[Result "0-1"]
[WhiteElo "2161"]
[BlackElo "2366"]
[PlyCount "72"]
[EventDate "2017.08.14"]
[EventType "swiss"]
[EventRounds "9"]
[EventCountry "UAE"]
[SourceTitle "CBM 180 Extra"]
[Source "ChessBase"]
[SourceDate "2017.10.06"]
[SourceVersion "1"]
[SourceVersionDate "2017.10.06"]
[SourceQuality "1"]

1. e4 e5 2. d4 exd4 3. Qxd4 Nc6 4. Qe3 Nf6 5. Nc3 Bb4 6. Bd2 0-0 7. 0-0-0 Re8 8. Bc4 d6 9. f3 Na5 10. Qd4 Bc5 11. Qd3 Nxc4 12. Qxc4 c6 13. Nge2 b5 14. Qd3 Qa5 15. Nd4 Bxd4 16. Qxd4 b4 17. Nb1 c5 18. Qxd6 Re6 19. Qg3 Ba6 20. Bg5 Qxa2 21. Qc7 Ne8 22. Qxc5 Rc8 23. Qxb4 Rb6 24. Qa3 Qe6 25. Bf4 Bc4 26. Rd2 Bb3 27. c3 Ra6 28. Qb4 Ra1 29. Rhd1 a5 30. Qb7 Ba2 31. Kc2 a4 32. Rd5 Bb3+ 33. Kc1 Bxd1 34. Rxd1 a3 35. bxa3 Rxc3+ 36. Kb2 Rcxa3 0-1

[Event "Abakan Sayany op"]
[Site "Abakan"]
[Date "2013.08.09"]
[Round "8"]
[White "Malyshev, Sergey"]
[Black "Fadeev, Semen"]
[Result "0-1"]
[WhiteElo "2260"]
[BlackElo "2151"]
[PlyCount "84"]
[EventDate "2013.08.02"]
[EventType "swiss"]
[EventRounds "9"]
[EventCountry "RUS"]
[SourceTitle "CBM 155 Extra"]
[Source "ChessBase"]
[SourceDate "2013.08.26"]
[SourceVersion "1"]
[SourceVersionDate "2013.08.26"]
[SourceQuality "1"]

1. e4 e6 2. d4 d5 3. Nc3 dxe4 4. Nxe4 Nd7 5. Nf3 Ngf6 6. Bd3 Nxe4 7. Bxe4 Nf6 8. Bd3 c5 9. 0-0 Qb6 10. a4 a6 11. Be3 Bd6 12. Ne5 Qc7 13. Nc4 Bxh2+ 14. Kh1 Bf4 15. Qf3 Bxe3 16. fxe3 cxd4 17. exd4 Bd7 18. Qxb7 Qxb7 19. Nd6+ Ke7 20. Nxb7 Rhb8 21. Nc5 Rxb2 22. Rfb1 Rab8 23. Rxb2 Rxb2 24. Nxa6 Ng4 25. Kg1 Ne3 26. Nc5 Bc6 27. a5 Nxc2 28. Na4 Nxa1 29. Nxb2 Nb3 30. a6 Nxd4 31. a7 Kd8 32. Na4 Kc7 33. Bxh7 Nb5 34. Bg8 Nxa7 35. Bxf7 Bxa4 36. Bxe6 Kd6 37. Bc4 Ke5 38. Kf2 Nc6 39. Kg3 Kf5 40. Kh4 Bd1 41. Bd3+ Kf6 42. g4 Bxg4 0-1

[Event "Abakan Sayany op"]
[Site "Abakan"]
[Date "2013.08.03"]
[Round "2"]
[White "Fadeev, Semen"]
[Black "Kozlitin, Roman"]
[Result "0-1"]
[WhiteElo "2151"]
[BlackElo "2358"]
[PlyCount "52"]
[EventDate "2013.08.02"]
[EventType "swiss"]
[EventRounds "9"]
[EventCountry "RUS"]
[SourceTitle "CBM 155 Extra"]
[Source "ChessBase"]
[SourceDate "2013.08.26"]
[SourceVersion "1"]
[SourceVersionDate "2013.08.26"]
[SourceQuality "1"]

1. e4 e5 2. d4 exd4 3. Qxd4 Nc6 4. Qe3 Nf6 5. Nc3 Bb4 6. Bd2 0-0 7. 0-0-0 Re8 8. Bc4 d6 9. Nh3 Ne5 10. Bb3 a5 11. a3 Bc5 12. Qe2 b5 13. Bg5 c6 14. Nf4 h6 15. Bxf6 Qxf6 16. Nd3 Nxd3+ 17. Qxd3 b4 18. axb4 axb4 19. Na2 Be6 20. Kb1 Qxf2 21. Rd2 Qf6 22. Rf1 Qg6 23. Re2 Ra7 24. Bxe6 Qxe6 25. Nc1 Rea8 26. Nb3 Ra1+ 0-1

[Event "Abakan Sayany op"]
[Site "Abakan"]
[Date "2013.08.02"]
[Round "1"]
[White "Fadeev, Semen"]
[Black "Koshevaya, Anna"]
[Result "1-0"]
[WhiteElo "2151"]
[BlackElo "1713"]
[PlyCount "53"]
[EventDate "2013.08.02"]
[EventType "swiss"]
[EventRounds "9"]
[EventCountry "RUS"]
[SourceTitle "CBM 155 Extra"]
[Source "ChessBase"]
[SourceDate "2013.08.26"]
[SourceVersion "1"]
[SourceVersionDate "2013.08.26"]
[SourceQuality "1"]

1. e4 c5 2. Nf3 a6 3. Nc3 Nc6 4. d4 cxd4 5. Nxd4 e5 6. Nf3 Nf6 7. Bc4 Bb4 8. 0-0 Bxc3 9. bxc3 0-0 10. Bg5 h6 11. Bh4 d6 12. Re1 Qe7 13. Rb1 Be6 14. Bd5 Rab8 15. Bxf6 gxf6 16. Qd3 Qc7 17. Nh4 Ne7 18. Re3 Kh7 19. Rf3 Ng8 20. Rg3 Rfc8 21. Qf3 Qe7 22. Nf5 Bxf5 23. Qxf5+ Kh8 24. Rb6 Rd8 25. Qh5 Rd7 26. Qg4 Qf8 27. Qxd7 1-0

[Event "Novokuznetsk Goryainov op"]
[Site "Novokuznetsk"]
[Date "2010.08.14"]
[Round "3"]
[White "Fadeev, Semen"]
[Black "Glukhov, Mikhail"]
[Result "1-0"]
[WhiteElo "2104"]
[BlackElo "2207"]
[PlyCount "79"]
[EventDate "2010.08.12"]
[EventType "swiss"]
[EventRounds "9"]
[EventCountry "RUS"]
[SourceTitle "CBM 138 Extra"]
[Source "ChessBase"]
[SourceDate "2010.10.29"]
[SourceVersion "1"]
[SourceVersionDate "2010.10.29"]
[SourceQuality "1"]

1. e4 e5 2. d4 exd4 3. Qxd4 Nc6 4. Qe3 d6 5. Nc3 Nf6 6. Bd2 Be7 7. Bc4 0-0 8. 0-0-0 Ng4 9. Qe1 Nge5 10. Bb3 Na5 11. Nd5 Nxb3+ 12. axb3 Be6 13. Bc3 Bxd5 14. Rxd5 c6 15. Rd1 Qb6 16. f4 Ng4 17. Bd4 Qc7 18. Bxg7 Kxg7 19. Qg3 Qa5 20. Qxg4+ Kh8 21. Kb1 Rg8 22. Qf3 Rae8 23. Ne2 f5 24. Ng3 fxe4 25. Nxe4 d5 26. Nf2 Bd6 27. g3 Rg7 28. Qh5 Rge7 29. Nh3 Qb4 30. Ng5 Rf8 31. Qh6 Kg8 32. Ne6 Rfe8 33. Nd4 Rd7 34. c3 Qb6 35. Rhe1 Qd8 36. Nf5 Bf8 37. Qh5 Re4 38. Rxe4 dxe4 39. Nh6+ Kh8 40. Nf7+ 1-0

[Event "Izmailov Memorial op 13th"]
[Site "Tomsk"]
[Date "2009.06.30"]
[Round "7"]
[White "Ainutdinov, Alexander"]
[Black "Fadeev, Semen"]
[Result "1/2-1/2"]
[WhiteElo "2099"]
[BlackElo "2125"]
[PlyCount "82"]
[EventDate "2009.06.24"]
[EventType "swiss"]
[EventRounds "9"]
[EventCountry "RUS"]
[SourceTitle "EXT 2010"]
[Source "ChessBase"]
[SourceDate "2010.11.25"]
[SourceVersion "1"]
[SourceVersionDate "2010.11.25"]
[SourceQuality "1"]

1. e4 e6 2. d4 d5 3. Nd2 Nf6 4. e5 Nfd7 5. Bd3 c5 6. c3 Nc6 7. Ne2 Qb6 8. Nf3 cxd4 9. cxd4 f6 10. exf6 Nxf6 11. 0-0 Bd6 12. h3 0-0 13. Nc3 Kh8 14. Be3 Bd7 15. a3 Rac8 16. Re1 Na5 17. Ne5 Be8 18. Rb1 Nc4 19. Nxc4 dxc4 20. Bc2 Nd5 21. Qg4 Bf7 22. Ne4 Be7 23. Ng5 Bxg5 24. Bxg5 Bg8 25. Qd1 Qd6 26. Bh4 Nf4 27. Qd2 Rce8 28. Re5 Qd7 29. Rd1 Qf7 30. Bg3 Rd8 31. Re4 Ng6 32. Rg4 Rd5 33. Bxg6 hxg6 34. Be5 Bh7 35. Rc1 b5 36. Rc3 Qd7 37. Qc2 Rf5 38. f4 g5 39. Rxg5 Rxg5 40. fxg5 Bd3 41. g6 Kg8 1/2-1/2

[Event "Izmailov Memorial op 13th"]
[Site "Tomsk"]
[Date "2009.06.28"]
[Round "5"]
[White "Galaktionov, Pavel"]
[Black "Fadeev, Semen"]
[Result "1-0"]
[WhiteElo "2174"]
[BlackElo "2125"]
[PlyCount "145"]
[EventDate "2009.06.24"]
[EventType "swiss"]
[EventRounds "9"]
[EventCountry "RUS"]
[SourceTitle "EXT 2010"]
[Source "ChessBase"]
[SourceDate "2010.11.25"]
[SourceVersion "1"]
[SourceVersionDate "2010.11.25"]
[SourceQuality "1"]

1. e4 e6 2. d4 d5 3. e5 c5 4. c3 Nc6 5. Nf3 Qb6 6. dxc5 Bxc5 7. Qc2 a5 8. a4 Bd7 9. Bd3 Rc8 10. Qe2 f5 11. 0-0 Nge7 12. Na3 0-0 13. Nb5 Be8 14. Ng5 Nd8 15. h4 h6 16. Nh3 Nf7 17. Bd2 Bxb5 18. axb5 Ng6 19. Bf4 Qc7 20. Rfe1 Rfe8 21. Bg3 Bb6 22. h5 Nf8 23. Bf4 Qe7 24. Qf3 Nh7 25. Qg3 Nfg5 26. Re2 Bd8 27. Be3 Nxh3+ 28. Qxh3 Ng5 29. Qh2 Rf8 30. f3 Qf7 31. Ra4 g6 32. b6 Rc6 33. Bb5 Rxb6 34. Bxb6 Bxb6+ 35. Kf1 gxh5 36. Rh4 Qg6 37. Rxh5 Kg7 38. Bd3 Ne4 39. Rh3 Kh7 40. Qf4 Ng5 41. Rh1 Kg7 42. g3 Qe8 43. Reh2 Rh8 44. g4 Qg6 45. Rh4 Bd8 46. Rh5 Qf7 47. Ke2 fxg4 48. Qxg4 Rf8 49. Rxh6 Qxf3+ 50. Qxf3 Rxf3 51. Rh7+ Kf8 52. Rxb7 Rh3 53. Rxh3 Nxh3 54. Kf3 Ng5+ 55. Kf4 Nh3+ 56. Ke3 Ng5 57. Bg6 Be7 58. Rb5 a4 59. Ra5 Kg7 60. Be8 a3 61. bxa3 Ne4 62. Kd4 Nd2 63. Kd3 Nc4 64. Ra6 Nxe5+ 65. Kc2 Kf6 66. a4 Bd8 67. Bb5 Ke7 68. Kb3 Nf3 69. Ra8 Bb6 70. a5 Bf2 71. a6 Nd2+ 72. Kc2 Ne4 73. a7 1-0

[Event "Izmailov Memorial op 13th"]
[Site "Tomsk"]
[Date "2009.06.26"]
[Round "3"]
[White "Saduakassova, Dinara"]
[Black "Fadeev, Semen"]
[Result "1-0"]
[WhiteElo "1916"]
[BlackElo "2125"]
[PlyCount "123"]
[EventDate "2009.06.24"]
[EventType "swiss"]
[EventRounds "9"]
[EventCountry "RUS"]
[SourceTitle "EXT 2010"]
[Source "ChessBase"]
[SourceDate "2010.11.25"]
[SourceVersion "1"]
[SourceVersionDate "2010.11.25"]
[SourceQuality "1"]

1. Nf3 e6 2. c4 f5 3. g3 Nf6 4. Bg2 d5 5. cxd5 exd5 6. d3 c6 7. 0-0 Bd6 8. Nc3 0-0 9. e4 fxe4 10. dxe4 dxe4 11. Ng5 Qe7 12. Ngxe4 Nxe4 13. Bxe4 Bf5 14. Bxf5 Rxf5 15. Re1 Rd5 16. Bd2 Qd7 17. Qc2 g6 18. Ne4 Qf7 19. Bg5 Be5 20. Rad1 Nd7 21. h4 Re8 22. Nc3 Rxd1 23. Rxd1 Bxc3 24. Qxc3 Ne5 25. Bf4 Nd7 26. Qd4 Nb6 27. Bh6 Nc8 28. Rd3 Ne7 29. Qxa7 Nf5 30. Bd2 Rf8 31. b3 Qe7 32. Be3 Qe4 33. Rd2 Qg4 34. Kh2 Qf3 35. Qc5 Nxe3 36. Qxe3 Qxe3 37. fxe3 Rf7 38. Kg2 Re7 39. Kf3 Kf7 40. e4 Ke6 41. Ke3 b5 42. Rc2 Kd6 43. Kd4 Rf7 44. e5+ Ke7 45. e6 Kxe6 46. Rxc6+ Kd7 47. Rb6 Rf2 48. Rxb5 Rxa2 49. Rb7+ Ke6 50. Rxh7 Rb2 51. Kc4 Rc2+ 52. Kb5 Rc3 53. b4 Rxg3 54. Kb6 Kd6 55. b5 Rg4 56. Kb7 Rb4 57. b6 Rg4 58. Kb8 Kc6 59. b7 Re4 60. Rh6 Kd7 61. Rxg6 Rxh4 62. Ka7 1-0

[Event "Berdsk Maestro op 14th"]
[Site "Berdsk"]
[Date "2008.07.16"]
[Round "9"]
[White "Shakirov, Alexander"]
[Black "Fadeev, Semen"]
[Result "1/2-1/2"]
[WhiteElo "1988"]
[BlackElo "2126"]
[PlyCount "75"]
[EventDate "2008.07.08"]
[EventType "swiss"]
[EventRounds "9"]
[EventCountry "RUS"]
[SourceTitle "CBM 125 Extra"]
[Source "ChessBase"]
[SourceDate "2008.09.01"]
[SourceVersion "1"]
[SourceVersionDate "2008.09.01"]
[SourceQuality "1"]

1. c4 e6 2. g3 f5 3. Bg2 Nf6 4. d4 d5 5. Nf3 c6 6. Qc2 Bd6 7. 0-0 0-0 8. Ne1 Qe8 9. Nd3 Nbd7 10. Bf4 Bxf4 11. Nxf4 g5 12. Nd3 Qh5 13. Re1 Ng4 14. h3 Ngf6 15. e3 Qe8 16. Nd2 b6 17. cxd5 cxd5 18. Qa4 Ne4 19. Red1 a5 20. Ne5 Nxe5 21. Qxe8 Rxe8 22. dxe5 Nxd2 23. Rxd2 Ba6 24. Rc1 Rec8 25. Rdc2 Kf8 26. Rc7 Rxc7 27. Rxc7 Rc8 28. Rxc8+ Bxc8 29. Bf1 Ke7 30. Bb5 Bd7 31. Bd3 b5 32. Kf1 Kd8 33. Ke2 Kc7 34. a3 b4 35. axb4 axb4 36. f4 h6 37. fxg5 hxg5 38. Kd2 1/2-1/2

[Event "Berdsk Maestro op 14th"]
[Site "Berdsk"]
[Date "2008.07.13"]
[Round "6"]
[White "Fadeev, Semen"]
[Black "Piskunov, Alexandr"]
[Result "1/2-1/2"]
[WhiteElo "2126"]
[BlackElo "2034"]
[PlyCount "55"]
[EventDate "2008.07.08"]
[EventType "swiss"]
[EventRounds "9"]
[EventCountry "RUS"]
[SourceTitle "CBM 125 Extra"]
[Source "ChessBase"]
[SourceDate "2008.09.01"]
[SourceVersion "1"]
[SourceVersionDate "2008.09.01"]
[SourceQuality "1"]

1. e4 d6 2. d4 Nf6 3. Nc3 e5 4. Bc4 Nbd7 5. Nf3 Be7 6. h3 0-0 7. Be3 c6 8. a4 b6 9. Qd2 a6 10. 0-0 Bb7 11. d5 cxd5 12. Bxd5 Bxd5 13. exd5 h6 14. Nh4 Nxd5 15. Qxd5 Bxh4 16. Qxd6 Be7 17. Qd5 Qc7 18. Rad1 Nf6 19. Qb3 Bc5 20. Bxc5 Qxc5 21. Nd5 Nxd5 22. Rxd5 Qc7 23. c3 Rad8 24. Rfd1 Rxd5 25. Qxd5 Re8 26. c4 a5 27. b3 Re6 28. Rd3 1/2-1/2

[Event "Berdsk Maestro op 14th"]
[Site "Berdsk"]
[Date "2008.07.11"]
[Round "4"]
[White "Fadeev, Semen"]
[Black "Belmeskin, Ilia"]
[Result "1-0"]
[WhiteElo "2126"]
[BlackElo "2195"]
[PlyCount "47"]
[EventDate "2008.07.08"]
[EventType "swiss"]
[EventRounds "9"]
[EventCountry "RUS"]
[SourceTitle "CBM 125 Extra"]
[Source "ChessBase"]
[SourceDate "2008.09.01"]
[SourceVersion "1"]
[SourceVersionDate "2008.09.01"]
[SourceQuality "1"]

1. e4 d5 2. exd5 Qxd5 3. Nc3 Qd6 4. d4 Nf6 5. Bc4 a6 6. Nge2 b5 7. Bd3 Bb7 8. Bf4 Qb6 9. 0-0 e6 10. Ng3 Nbd7 11. Nce4 Be7 12. c3 0-0 13. Qc2 Nd5 14. Bg5 Bxg5 15. Nxg5 h6 16. Nf3 c5 17. Ne5 Rfd8 18. Bh7+ Kf8 19. Nxf7 Kxf7 20. Qg6+ Ke7 21. Rfe1 N7f6 22. Qxg7+ Kd6 23. Rxe6+ Kxe6 24. Re1+ 1-0

[Event "Berdsk Maestro op 14th"]
[Site "Berdsk"]
[Date "2008.07.10"]
[Round "3"]
[White "Krivonos, Nikolay"]
[Black "Fadeev, Semen"]
[Result "1/2-1/2"]
[WhiteElo "2306"]
[BlackElo "2126"]
[PlyCount "126"]
[EventDate "2008.07.08"]
[EventType "swiss"]
[EventRounds "9"]
[EventCountry "RUS"]
[SourceTitle "CBM 125 Extra"]
[Source "ChessBase"]
[SourceDate "2008.09.01"]
[SourceVersion "1"]
[SourceVersionDate "2008.09.01"]
[SourceQuality "1"]

1. c4 e6 2. Nc3 Bb4 3. e4 Ne7 4. a3 Bxc3 5. bxc3 d6 6. d4 0-0 7. f4 f5 8. exf5 Nxf5 9. Nf3 Nh4 10. Nxh4 Qxh4+ 11. g3 Qf6 12. Bg2 c5 13. 0-0 Nc6 14. Be3 cxd4 15. cxd4 Bd7 16. Qd3 Rac8 17. Rac1 b6 18. Be4 h6 19. d5 exd5 20. cxd5 Ne7 21. Bd4 Qf7 22. Ba1 Bf5 23. Bxf5 Nxf5 24. Rc6 Rxc6 25. dxc6 Qe6 26. Rc1 Rc8 27. c7 Qe3+ 28. Qxe3 Nxe3 29. Kf2 Nd5 30. Rd1 Ne7 31. Rxd6 Rxc7 32. Be5 Rc2+ 33. Kg1 Nc6 34. Rd7 Nxe5 35. fxe5 Re2 36. Rxa7 Rxe5 37. Kf2 Rh5 38. h4 Re5 39. Kf3 Re1 40. a4 Kh7 41. Kf4 Re2 42. Ra6 Rb2 43. g4 Rb4+ 44. Kg3 Rc4 45. g5 hxg5 46. hxg5 Rb4 47. Kf3 Rc4 48. Ke3 Rg4 49. Kd3 Rxg5 50. Rxb6 Rc5 51. Rb1 g5 52. Ra1 Ra5 53. Kc4 Kg6 54. Kb4 Ra8 55. a5 g4 56. Kb5 Kf5 57. a6 g3 58. a7 Ke4 59. Kb6 g2 60. Kb7 Rxa7+ 61. Kxa7 Kf3 62. Rg1 Kf2 63. Rxg2+ Kxg2 1/2-1/2

[Event "RUS-ch U26"]
[Site "Novokuznetsk"]
[Date "2007.10.26"]
[Round "5"]
[White "Sinev, Anton"]
[Black "Fadeev, Semen"]
[Result "1-0"]
[WhiteElo "2259"]
[BlackElo "2138"]
[PlyCount "71"]
[EventDate "2007.10.22"]
[EventType "swiss"]
[EventRounds "9"]
[EventCountry "RUS"]
[SourceTitle "EXT 2009"]
[Source "ChessBase"]
[SourceDate "2008.11.26"]
[SourceVersion "1"]
[SourceVersionDate "2008.11.26"]
[SourceQuality "1"]

1. d4 Nf6 2. c4 e5 3. dxe5 Ng4 4. Nf3 Bc5 5. e3 Nc6 6. Bd2 Qe7 7. Bc3 0-0 8. a3 a5 9. Be2 Ngxe5 10. Nxe5 Nxe5 11. 0-0 d6 12. Nd2 f5 13. b4 Ba7 14. Nf3 Ng6 15. Bd4 Bxd4 16. Nxd4 f4 17. exf4 Nxf4 18. Bf3 Qg5 19. Kh1 Rf6 20. g3 Nh3 21. Bd5+ Kh8 22. f4 Qg6 23. b5 h5 24. Qc2 Qh6 25. f5 Bd7 26. Bxb7 Raf8 27. Rae1 Qg5 28. Qg2 Qg4 29. Re4 Bxf5 30. Rxg4 hxg4 31. Nxf5 Rxf5 32. Rxf5 Rxf5 33. Qe2 Re5 34. Qf1 g6 35. Bg2 Rf5 36. Qa1+ 1-0

[Event "Kyzyl op"]
[Site "Kyzyl"]
[Date "2007.01.22"]
[Round "4"]
[White "Kalyndu, Aldynbek"]
[Black "Fadeev, Semen"]
[Result "1-0"]
[WhiteElo "2058"]
[BlackElo "2177"]
[PlyCount "85"]
[EventDate "2007.01.20"]
[EventType "swiss"]
[EventRounds "9"]
[EventCountry "RUS"]
[SourceTitle "EXT 2010"]
[Source "ChessBase"]
[SourceDate "2010.11.25"]
[SourceVersion "1"]
[SourceVersionDate "2010.11.25"]
[SourceQuality "1"]

1. d4 e6 2. c4 f5 3. g3 Nf6 4. Bg2 Be7 5. Nf3 d5 6. 0-0 0-0 7. b3 c6 8. Bb2 Nbd7 9. Nbd2 Qe8 10. e3 Qh5 11. Ne5 Qxd1 12. Rfxd1 Nxe5 13. dxe5 Ne4 14. Bf1 Bd7 15. f3 Nxd2 16. Rxd2 Bc5 17. Bd4 Bxd4 18. exd4 Kf7 19. c5 Ke7 20. Rb2 a6 21. Kf2 Kd8 22. Bd3 Kc7 23. Ke3 h6 24. h4 Be8 25. Rg2 Rd8 26. Rh1 Rd7 27. h5 Rdf7 28. f4 Re7 29. g4 Kd8 30. gxf5 exf5 31. Be2 Kd7 32. Kd2 Ke6 33. Kc3 Rg8 34. Kb4 Rc7 35. Ka5 Re7 36. Kb6 Rd7 37. a4 Re7 38. b4 Rd7 39. b5 Re7 40. bxa6 bxa6 41. Ka5 Rb7 42. Rhg1 Kf7 43. Rg6 1-0

[Event "Izmailov Memorial op 11th"]
[Site "Tomsk"]
[Date "2007.??.??"]
[Round "1"]
[White "Fadeev, Semen"]
[Black "Loskutov, Oleg"]
[Result "0-1"]
[WhiteElo "2177"]
[BlackElo "2397"]
[PlyCount "98"]
[EventDate "2007.06.25"]
[EventType "swiss"]
[EventRounds "9"]
[EventCountry "RUS"]
[SourceTitle "EXT 2008"]
[Source "ChessBase"]
[SourceDate "2007.11.25"]
[SourceVersion "1"]
[SourceVersionDate "2007.11.25"]
[SourceQuality "1"]

1. e4 c5 2. Nf3 d6 3. d4 cxd4 4. Qxd4 Bd7 5. Be3 Nc6 6. Qd2 Nf6 7. Nc3 g6 8. h3 Qa5 9. Be2 Bg7 10. 0-0 0-0 11. Rad1 b5 12. a3 b4 13. axb4 Qxb4 14. Nd4 Rfd8 15. f4 Qa5 16. Bf3 Nxd4 17. Bxd4 e5 18. Be3 Bc6 19. Nd5 Qxd2 20. Rxd2 Nxd5 21. exd5 Bb5 22. Ra1 a6 23. c3 Rdb8 24. Kf2 a5 25. fxe5 Bxe5 26. Bd4 f6 27. Bxe5 fxe5 28. Ke3 a4 29. Ra3 Bd7 30. Be4 Kg7 31. Rf2 Rc8 32. Bd3 Rab8 33. c4 Rb4 34. Rc3 Rcb8 35. c5 Rxb2 36. c6 Rxf2 37. Kxf2 Bc8 38. Ke3 Rb4 39. Rc4 Rxc4 40. Bxc4 Kf6 41. Kd2 Kg5 42. Be2 h5 43. Bd3 Kf6 44. Kc3 g5 45. Be4 g4 46. hxg4 Bxg4 47. Kb4 h4 48. Kxa4 Kg5 49. Ka5 Kf4 0-1